Tvorba informačných systémov metodologické aspekty
Enregistré dans:
| Auteur principal: | |
|---|---|
| Collectivité auteur: | |
| Autres auteurs: | , , , |
| Format: | Livre |
| Langue: | slovaque |
| Publié: |
Bratislava
Vydavateľstvo EKONÓM
2000
|
| Sujets: | |
| Tags: |
Pas de tags, Soyez le premier à ajouter un tag!
|
MARC
| LEADER | 00000nam a2200000 4500 | ||
|---|---|---|---|
| 001 | c119593 | ||
| 005 | 20221108093459.5 | ||
| 020 | |a 80-225-1282-6 | ||
| 041 | 0 | |a slo | |
| 044 | |a SK | ||
| 245 | 1 | 0 | |a Tvorba informačných systémov |b metodologické aspekty |c Stojan Russev a kolektív |
| 264 | 1 | |a Bratislava |b Vydavateľstvo EKONÓM |c 2000 | |
| 300 | |a 372 s. | ||
| 610 | 2 | 0 | |a systémy informačné |
| 610 | 2 | 0 | |a systémy informačné podnikové |
| 610 | 2 | 0 | |a softvér |
| 610 | 2 | 0 | |a siete počítačové |
| 610 | 2 | 0 | |a spracovanie dát |
| 610 | 2 | 0 | |a programovanie |
| 610 | 2 | 0 | |a systémy databázové |
| 100 | 1 | |a Russev, Stojan Todorov | |
| 700 | 1 | |a Závodný, Peter | |
| 700 | 1 | |a Trenčanský, Ivan | |
| 700 | 1 | |a Polášek, Ivan | |
| 700 | 1 | |a Ligač, Martin | |
| 710 | 2 | |a Ekonomická univerzita v Bratislave. Fakulta hospodárskej informatiky | |